000 01219nam a22002297a 4500
999 _c8583
_d8583
003 GBCCL
005 20241126110653.0
008 210415b ||||| |||| 00| 0 eng d
020 _a9781602580657
020 _a1602580650
040 _cgbc
082 _a232.908
_bLED
100 _aLe Donne, Anthony
_915135
245 _aThe historiographical Jesus :
_bmemory, typology, and the Son of David /
_cAnthony Le Donne
260 _aWaco, Tex. :
_bBaylor University Press ;
_c2009.
300 _a324 pages ;
_c23 cm
505 _aPreface 1. Introduction 2. Hermeneutics and History 3. History and Memory 4. Memory and Typology 5. Son of David and Typology 6. The Therapeutic Son of David 7. Jesusa Temple Procession 8. The "Son of David" Question 9. Concluding Analysis
505 _a'The Historiographical Jesus' introduces a new theory & approach for the study of Jesus' life, using the precepts of social memory theory to indentify 'memory refraction' in the Jesus tradition - the refocusing distortion that occurs as stories are handed down & both consciously & unconsciously reframed.
650 _aJesus Christ
_vHistoricity.
_914787
650 _aTheology
_vMethodology.
_xMemory.
_915136
942 _2ddc
_cBK